TV Show by Winner Quiz Stats

Quiz Updated Apr 26, 2015

Challenge
Share
Tweet
Embed
Score 0/30 Timer 07:00
0 Plays Today
Winner TV Show % Correct
Carrie UnderwoodAmerican Idol
95.7%
Ken JenningsJeopardy!
59.6%
Apolo Anton OhnoDancing with the Stars
59.4%
Adrianne CurryAmerica's Next Top Model
47.8%
Uchenna & JoyceThe Amazing Race
45.9%
Bill RancicThe Apprentice
39.8%
Shayne LamasThe Bachelor
38.5%
Ryan SutterThe Bachelorette
37.3%
Christian SirianoProject Runway
27.4%
Leona LewisThe X-Factor
27.4%
Amber BrkichSurvivor: All Stars
25.4%
Mike 'Boogie' MalinBig Brother
23.4%
Guy FieriThe Next Food Network Star
23%
Nicole 'Hoopz' AlexanderFlavor of Love
21.7%
Michael VoltaggioTop Chef
16.2%
Winner TV Show % Correct
Kathy GriffinCelebrity Mole: Hawaii
12%
Lou Diamond PhillipsI'm a Celebrity…Get Me out of Here!
10.5%
Megan & ScooterBeauty and the Geek
10.1%
Zora AndrichJoe Millionaire
9.9%
Rick BaylessTop Chef Masters
9.7%
John CarpenterWho Wants to Be A Millionaire?
9%
DiversityBritain's Got Talent
8.1%
Linda EderStar Search
7.4%
Charles Van DorenTwenty-One
5.2%
Taya ParkerRock of Love Bus with Bret Michaels
4.3%
Rahman 'Rock' HarperHell's Kitchen
4.1%
Dr. Joyce BrothersThe $64,000 Question
3.2%
Chris YoungNashville Star
3%
Michael LarsonPress Your Luck
2.4%
Grady 'Bad Boy' BrewerThe Contender
1.4%

You're not logged in!

Compare scores with friends on all Sporcle quizzes.
Join for Free
OR
Log In

You Might Also Like...

Show Comments

Extras

Top Quizzes Today


Score Distribution

Your Account Isn't Verified!

In order to create a playlist on Sporcle, you need to verify the email address you used during registration. Go to your Sporcle Settings to finish the process.

Report this User

Report this user for behavior that violates our Community Guidelines.

Details: